MARC

LEADER 00000nam0a2200000 4500
001 273393
005 20231101234627.0
010 |a 0132692678 
035 |a (RuTPU)RU\TPU\book\296602 
035 |a RU\TPU\book\296600 
090 |a 273393 
100 |a 20141025d1983 k y0engy50 ba 
101 0 |a eng 
102 |a US 
105 |a y z 001zy 
200 1 |a Elements of Practical Performance Modeling  |f E. A. MacNair, C. H. Sauer 
210 |a New Jersey  |c Prentice-Hall.,INc  |d 1983 
215 |a 269 p.  |c il. 
320 |a Bibliography: p. 249-260 
320 |a Index: p. 261-269 
606 1 |a Компьютерное моделирование  |2 stltpush  |3 (RuTPU)RU\TPU\subj\69831  |9 84520 
606 1 |a Моделирование  |x Применение при проектировании  |2 stltpush  |3 (RuTPU)RU\TPU\subj\44210  |9 63579 
610 1 |a моделирующие системы 
610 1 |a исполнительное моделирование 
610 1 |a английский язык 
675 |a 004.921  |v 4 
675 |a 658.512.2  |v 3 
700 1 |a MacNair  |b E. A.  |g Edward A. 
701 1 |a Sauer  |b C. H.  |g Charles 
801 1 |a RU  |b 63413507  |c 20110905 
801 2 |a RU  |b 63413507  |c 20170112  |g RCR 
942 |c BK